[Event "PNWCC Online Masters Artist Point"]
[Site "Chess.com INT"]
[Date "2020.09.07"]
[Round "7"]
[White "Metpally, Jason"]
[Black "Nguyen, Duy Minh"]
[Result "1/2-1/2"]
[WhiteElo "2204"]
[BlackElo "1919"]
[PlyCount "138"]
[EventDate "2020.09.05"]
[EventType "swiss"]
[EventRounds "9"]
[EventCountry "USA"]
[SourceTitle "CBM 198 Extra"]
[Source "ChessBase"]
[SourceDate "2020.11.30"]
[SourceVersion "1"]
[SourceVersionDate "2020.11.30"]
[SourceQuality "1"]

1. d4 Nf6 2. c4 e6 3. g3 Bb4+ 4. Nc3 c5 5. Nf3 Nc6 6. Bg2 Ne4 7. Bd2 Nxd2 8. Qxd2 cxd4 9. Nxd4 0-0 10. a3 Be7 11. 0-0 a6 12. Rfd1 Qc7 13. Rac1 Nxd4 14. Qxd4 d6 15. Qf4 Qb8 16. Na4 Qa7 17. Qd4 Qxd4 18. Rxd4 Rb8 19. Nb6 Rd8 20. Rcd1 Bd7 21. a4 a5 22. b3 Be8 23. R4d3 Bc6 24. e4 Re8 25. e5 Bxg2 26. exd6 Bxd6 27. Rxd6 Bc6 28. Nd7 Rbc8 29. Ne5 Kf8 30. f4 f6 31. Nxc6 bxc6 32. Kf2 Kf7 33. Ke3 Rb8 34. R1d3 Rbc8 35. Kd4 e5+ 36. Kc5 exf4 37. gxf4 Re2 38. h3 Re4 39. Rxc6 Rb8 40. Rb6 Rc8+ 41. Kb5 Rxf4 42. Kxa5 g5 43. Ka6 h5 44. Rb5 Kg6 45. Kb7 Re8 46. c5 g4 47. hxg4 hxg4 48. c6 Rf3 49. Rd1 Rc3 50. Rb4 f5 51. a5 Kg5 52. a6 g3 53. a7 f4 54. c7 f3 55. a8Q Rxa8 56. Kxa8 Rxc7 57. Rd5+ Kf6 58. Rf4+ Ke6 59. Rd1 Rc3 60. Re1+ Kd5 61. Rf1 g2 62. Rd1+ Ke5 63. Rg4 Rxb3 64. Ka7 Kf5 65. Rg8 Kf4 66. Re1 f2 67. Rc1 g1Q 68. Rcxg1 fxg1Q+ 69. Rxg1 Ke5 1/2-1/2

[Event "PNWCC Online Masters Artist Point"]
[Site "Chess.com INT"]
[Date "2020.09.06"]
[Round "6"]
[White "Li, Eric"]
[Black "Nguyen, Duy Minh"]
[Result "1/2-1/2"]
[WhiteElo "2334"]
[BlackElo "1919"]
[PlyCount "151"]
[EventDate "2020.09.05"]
[EventType "swiss"]
[EventRounds "9"]
[EventCountry "USA"]
[SourceTitle "CBM 198 Extra"]
[Source "ChessBase"]
[SourceDate "2020.11.30"]
[SourceVersion "1"]
[SourceVersionDate "2020.11.30"]
[SourceQuality "1"]

1. d4 Nf6 2. c4 e6 3. g3 d5 4. Nf3 Be7 5. Bg2 0-0 6. Nc3 c6 7. 0-0 Nbd7 8. Qd3 Re8 9. b3 b6 10. e4 dxe4 11. Nxe4 Bb7 12. Rd1 Qc8 13. Nc3 Bd6 14. Bb2 Qc7 15. a4 a5 16. Rac1 Rad8 17. Qb1 Qb8 18. Rc2 Qa8 19. Rcd2 Bb4 20. Ne1 Nb8 21. Nc2 Bf8 22. Ne3 Na6 23. d5 cxd5 24. cxd5 e5 25. d6 Bxg2 26. Nxg2 Re6 27. Ba3 Nb4 28. Nb5 Qf3 29. Nh4 Qh5 30. Bxb4 axb4 31. Qf5 Qxf5 32. Nxf5 g6 33. Ne3 Ne4 34. Rd5 Nc3 35. Nxc3 bxc3 36. Rc1 Rdxd6 37. Rxd6 Rxd6 38. Rxc3 Re6 39. Rc8 Kg7 40. Nc4 Bb4 41. Kf1 Kf6 42. Ke2 h5 43. h4 e4 44. Rb8 Bc5 45. Rb7 Bd4 46. Rc7 Re7 47. Rc8 Re6 48. Nd2 Ke5 49. Rc7 Kf6 50. Rc4 Ke5 51. b4 Kd5 52. Rc7 f5 53. Nb3 Bf6 54. a5 bxa5 55. Rc5+ Kd6 56. Nxa5 f4 57. Rc8 fxg3 58. fxg3 Be5 59. b5 Kd7 60. Rc4 Bxg3 61. Ke3 Bxh4 62. Rxe4 Rxe4+ 63. Kxe4 Bd8 64. Nc6 Bc7 65. Nd4 h4 66. Kf3 h3 67. Nb3 h2 68. Kg2 g5 69. Nc5+ Kc8 70. Ne4 g4 71. Nf6 g3 72. Ne4 Kb7 73. Nc5+ Kb6 74. Ne4 Kxb5 75. Nxg3 h1Q+ 76. Nxh1 1/2-1/2

[Event "PNWCC Online Masters Artist Point"]
[Site "Chess.com INT"]
[Date "2020.09.05"]
[Round "1"]
[White "Brodsky, David"]
[Black "Nguyen, Duy Minh"]
[Result "1-0"]
[WhiteElo "2455"]
[BlackElo "1919"]
[PlyCount "75"]
[EventDate "2020.09.05"]
[EventType "swiss"]
[EventRounds "9"]
[EventCountry "USA"]
[SourceTitle "CBM 198 Extra"]
[Source "ChessBase"]
[SourceDate "2020.11.30"]
[SourceVersion "1"]
[SourceVersionDate "2020.11.30"]
[SourceQuality "1"]

1. e4 c5 2. Nc3 Nc6 3. Bb5 Nd4 4. Nf3 g6 5. Bc4 Bg7 6. Nxd4 cxd4 7. Qf3 e6 8. Nb5 d6 9. Qa3 Ke7 10. c3 dxc3 11. dxc3 a6 12. Be2 Rb8 13. Nd4 e5 14. Nc2 Nf6 15. Bg5 h6 16. Bxf6+ Bxf6 17. Rd1 Be6 18. Ne3 Qc7 19. Bc4 Rhd8 20. Nd5+ Bxd5 21. Bxd5 Kf8 22. 0-0 Kg7 23. f4 Rf8 24. g3 a5 25. Kh1 b5 26. Rd2 Be7 27. f5 gxf5 28. Rdf2 a4 29. Rxf5 f6 30. c4 bxc4 31. Qf3 Rxb2 32. Qg4+ Kh7 33. Rh5 c3 34. Be6 f5 35. Bxf5+ Rxf5 36. Qxf5+ Kg7 37. Qf7+ Kh8 38. Rxh6# 1-0

[Event "Austin CC-ch 6th"]
[Site "Austin"]
[Date "2016.01.10"]
[Round "5"]
[White "Nguyen, Duy Minh"]
[Black "Smith, Andy"]
[Result "0-1"]
[WhiteElo "2085"]
[BlackElo "1987"]
[PlyCount "98"]
[EventDate "2016.01.08"]
[EventType "swiss"]
[EventRounds "5"]
[EventCountry "USA"]
[SourceTitle "EXT 2019"]
[Source "ChessBase"]
[SourceDate "2018.10.10"]
[SourceVersion "1"]
[SourceVersionDate "2018.10.10"]
[SourceQuality "1"]

1. e4 e5 2. Nf3 Nc6 3. Bb5 f5 4. d3 fxe4 5. dxe4 Nf6 6. 0-0 d6 7. Nc3 Be7 8. h3 Be6 9. Re1 Qd7 10. Nd5 a6 11. Bc4 Bxd5 12. exd5 Nd8 13. a4 Nf7 14. b4 0-0 15. Bb3 Kh8 16. c4 Rg8 17. Ng5 Nxg5 18. Bxg5 b6 19. Bc2 Raf8 20. Bxf6 gxf6 21. Kh1 f5 22. a5 b5 23. cxb5 Qxb5 24. Rb1 Qc4 25. Qd3 Qh4 26. Rf1 e4 27. Qe2 Bf6 28. Rb3 Be5 29. Rg1 Rg5 30. b5 axb5 31. a6 Bd4 32. Rf1 Rfg8 33. Qd2 Be5 34. f4 exf3 35. Rbxf3 Rg3 36. Qf2 Rxg2 37. Qxg2 Rxg2 38. Kxg2 Qg5+ 39. Kh1 Qd2 40. R1f2 Qxd5 41. Bxf5 Bd4 42. Rf1 Qa8 43. Bc8 Qe4 44. Bf5 Qa8 45. Bc8 Qe4 46. Bf5 Qd5 47. Kh2 Be5+ 48. Kg1 Qa2 49. Rc1 Qh2+ 0-1